000 00387nam a2200145Ia 4500
008 211109s9999||||xx |||||||||||||| ||und||
082 _a894.812
_bKUT-C
100 _aKuttikrishna Marrar,
245 0 _aCharcha Yogam
260 _bP.K.Publishers
_aKozhikoode
_c1952
300 _a125p.
630 _xGENERAL STACK
650 _aMalayalam Literature
_vLiteratureGeneralia
942 _cBOOK
999 _c58648
_d58648